000 00303nam a2200133Ia 4500
100 _aFoulds L.R.
942 _cRB
654 _agraph theory applications
245 _aGraph Theory Applications
260 _bNarosa book
_aNew Delhi
_c1994
082 _a511.5
_bPAN
546 _aENGLISH
999 _c31771
_d31771